| 000 | 00367nam a2200133Ia 4500 | ||
|---|---|---|---|
| 008 | 220216s9999 xx 000 0 und d | ||
| 100 | _aPanitchpakdi Supachai | ||
| 245 | 0 | _aWorld investment report 2010: Overview | |
| 260 |
_bForeign Trade Review _c2010 |
||
| 300 | _a94-124 | ||
| 500 | _aSource Year: 2010 | ||
| 650 | _aForeign direct investment(FDI) | ||
| 942 | _cJS | ||
| 999 |
_c72492 _d72492 |
||